Yêu một cô gái Việt Câu chuyện yêu đa văn hóa của Travelling Kat

保存先:
書誌詳細
第一著者: Kat, Travelling
フォーマット: 図書
言語:Undetermined
出版事項: H. Thế giới 2017
主題:
オンライン・アクセス:http://lrc.tdmu.edu.vn/opac/search/detail.asp?aID=2&ID=32977
タグ: タグ追加
タグなし, このレコードへの初めてのタグを付けませんか!
Thư viện lưu trữ: Trung tâm Học liệu Trường Đại học Thủ Dầu Một
LEADER 00697nam a2200205Ia 4500
001 TDMU_32977
008 210410s9999 xx 000 0 und d
082 |a 519.509 
090 |b K110 
100 |a Kat, Travelling 
245 0 |a Yêu một cô gái Việt 
245 0 |b Câu chuyện yêu đa văn hóa của Travelling Kat 
245 0 |c Travelling Kat 
260 |a H. 
260 |b Thế giới 
260 |c 2017 
300 |a 207 tr 
650 |a Văn học hiện đại  |z Việt Nam  |v Tản văn; Văn học Việt Nam 
856 |u http://lrc.tdmu.edu.vn/opac/search/detail.asp?aID=2&ID=32977 
980 |a Trung tâm Học liệu Trường Đại học Thủ Dầu Một